pays avec la meilleure qualité de vie - Statistiques

Statistiques générales
  • Ce quiz a été pris 301 fois
  • Le résultat moyen est 11 sur 15
Statistiques - réponses
Réponse % Correct
7. suède
90%
8. norvège
89%
1. Finlande
87%
4. suisse
86%
9. Canada
81%
2. danemark
79%
12. japon
75%
3. islande
74%
11. australie
70%
5. pays bas
65%
6. luxembourg
62%
15. irlande
58%
13. autriche
55%
10. nouvelle zelande
54%
14. émirats
26%
Aucun quiz correspondant
Distribution des résultats
% des personnes avec chaque résultat
Percentile par nombre de réponses
Votre historique - résultats
Vous n’avez pas pris ce quiz